An introduction to philosophical analysis.

Salvato in:
Dettagli Bibliografici
Autore principale: Hospers, John (autor)
Natura: Libro
Lingua:inglese
Soggetti:
Tags: Aggiungi Tag
Nessun Tag, puoi essere il primo ad aggiungerne!!

MARC

LEADER 00000cam^a2200000uu^4500
001 000486873
005 20250521000000.0
008 032409s1967^^^^^^^^^^^^rd^r^^000^0^eng^d
009 20260310125231.796
035 |a FCE 000030036 
035 |a FCE 032823 
037 |a Acervo ITESO - Biblioteca 
041 |a eng 
082 0 4 |a 101  |b HOSa 
100 |a Hospers, John  |e (autor) 
245 1 3 |a An introduction to philosophical analysis. 
264 |a Gran Bretaña :  |b Prentice-Hall,  |c 1967. 
300 |a 629 p. 
336 |a texto  |b txt  |2 rdacontenido 
337 |a sin mediación  |b n  |2 rdamedio 
338 |a volumen  |b nc  |2 rdasoporte 
649 |a XX 
650 |a Teoría 
650 |a Filosofía 
910 |a Fondo Centro de Estudios Educativos 
920 |a Impresos - Libros 
930 |a Fondos Especiales 
905 |a 133 
901 |a ALE032823  |b IT2  |c CEE  |u 20250521 
902 |a https://opac.biblio.iteso.mx/vufind/Record/000486873